000 00409nam a22001577a 4500
005 20180131142228.0
008 160513b xxu||||| |||| 00| 0 eng d
041 _aeng
082 _b1871
_a004
100 _aPeter Norton
_9553
245 _aIntroduction to Computers
260 _aNew Delhi
_bTata Mc Graw Hill Education P. Ltd.,
_c2006
300 _a592
650 _aInformation Technology
_9137
942 _cBK
999 _c720
_d720